01927cam a2200385 i 450000100090000000300090000900500170001800800410003502000180007602000150009404000820010908200190019110000410021024501310025126400630038226400100044530000580045533600260051333700280053933800270056749000340059450400520062850504610068065000370114165000210117865000230119965000330122265100100125565300210126565500170128670000300130394200120133399900170134595201790136215432913EG-ScBUE20260125091301.0080828t2009 flua frb 001 0 eng d a9781420061192 a1420061194 aDNLM/DLCbengerdacDLCdNLMdOCLNGdC#PdYDXCPdBWXdCDXdAGLdDLCdEG-ScBUE04a572.8222bNOR1 aNorthrop, Robert B.,eauthor.93947510aIntroduction to molecular biology, genomics, and proteomics for biomedical engineers /cRobert B. Northrop and Anne N. Connor. 1aBoca Raton : bCRC Press / Taylor & Francis Group,c[2009] 4cc2009 axx, 453 pages :billustrations (some color) ;c26 cm. 2rdacontentatextbtxt aunmediated2rdamediabn avolumebnc2rdacarrier0 aBiomedical engineering series aIncludes bibliographical references and index. 0 aLife and death -- Review of basic cell anatomy and physiology -- Introduction to physical biochemistry and biochemical systems modeling -- The basis of genetic inheritance -- Nucleic acids and their functions -- A review of proteins -- The genetic basis for certain inheritable diseases : genomic medicine -- Some instrumental methods used in genomics, proteomics, and forensic science -- Applications of genomics -- Ethical issues in ge=netic engineering. 7aMolecular biology.2BUEsh938995 7aGenomics.2BUEsh 0aProteomics.2BUEsh 0aBiomedical engineers.2BUEsh 2BUEsh bPPhrmcMarch2016 vReading book1 aConnor, Anne N.,eauthor. 2ddccBB c21307d21279 00102ddc40708ScientificaMAINbMAINc1STd2016-03-02ePurchaseg540.00h2l2m9o572.8 NORp000031866q2026-05-16r2026-03-24 00:00:00s2026-03-24v675.00w2016-03-02yBB